|
|
|
|
| LEADER |
02111nam a2200613 a 4500 |
| 001 |
nkc20152685874 |
| 003 |
CZ PrNK |
| 005 |
20150429063637.0 |
| 007 |
ta |
| 008 |
150324s2015 xr a c f 001 0 cze |
| 015 |
|
|
|a cnb002685874
|
| 020 |
|
|
|a 978-80-266-0660-4
|q (brož.)
|
| 035 |
|
|
|a (OCoLC)908822226
|
| 040 |
|
|
|a BOA001
|b cze
|
| 041 |
1 |
|
|a cze
|h eng
|
| 072 |
|
7 |
|a 528
|x Geodezie. Kartografie
|2 Konspekt
|9 7
|
| 072 |
|
7 |
|a 0/9-053.2
|x Literatura pro děti a mládež (naučná)
|2 Konspekt
|9 26
|
| 080 |
|
|
|a 528.28
|2 MRF
|
| 080 |
|
|
|a 912.43
|2 MRF
|
| 080 |
|
|
|a 528.912
|2 MRF
|
| 080 |
|
|
|a 629.072.1
|2 MRF
|
| 080 |
|
|
|a 528.9
|2 MRF
|
| 080 |
|
|
|a 528.9(091)
|2 MRF
|
| 080 |
|
|
|a (0.053.2)
|2 MRF
|
| 100 |
1 |
|
|a Brown, Cynthia L.
|q (Cynthia Light)
|7 xx0155886
|4 aut
|
| 245 |
1 |
0 |
|a Mapy a navigace :
|b pro děti /
|c Cynthia Lightová Brownová a Patrik Mc Ginty ; ilustrace Beth Hetlandová ; [překlad Kateřina Komárková]
|
| 250 |
|
|
|a 1. vyd.
|
| 260 |
|
|
|a V Brně :
|b Edika,
|c 2015
|
| 300 |
|
|
|a v, 122 s. :
|b il. ;
|c 26 cm
|
| 500 |
|
|
|a Přeloženo z angličtiny
|
| 500 |
|
|
|a Terminologický slovník
|
| 504 |
|
|
|a Obsahuje bibliografii a rejstřík
|
| 650 |
0 |
7 |
|a geografická poloha
|7 ph120516
|2 czenas
|
| 650 |
0 |
7 |
|a mapy
|7 ph115225
|2 czenas
|
| 650 |
0 |
7 |
|a mapování
|7 ph122634
|2 czenas
|
| 650 |
0 |
7 |
|a navigace
|7 ph136698
|2 czenas
|
| 650 |
0 |
7 |
|a kartografie
|7 ph114874
|2 czenas
|
| 650 |
0 |
7 |
|a dějiny kartografie
|7 ph484332
|2 czenas
|
| 650 |
0 |
9 |
|a geographical position
|2 eczenas
|
| 650 |
0 |
9 |
|a maps
|2 eczenas
|
| 650 |
0 |
9 |
|a mapping
|2 eczenas
|
| 650 |
0 |
9 |
|a navigation
|2 eczenas
|
| 650 |
0 |
9 |
|a cartography
|2 eczenas
|
| 650 |
0 |
9 |
|a history of cartography
|2 eczenas
|
| 655 |
|
7 |
|a publikace pro děti
|7 fd133156
|2 czenas
|
| 655 |
|
9 |
|a children's literature
|2 eczenas
|
| 700 |
1 |
|
|a Mc Ginty, Patrick
|7 mzk2015866097
|4 aut
|
| 765 |
0 |
|
|t Mapping and navigation
|9 Česky
|
| 910 |
2 |
|
|a BOA001
|b 3-1345.232
|
| 928 |
9 |
|
|a Albatros Media - Edika
|
| 990 |
|
|
|a BK
|
| 995 |
|
|
|a 01
|
| 991 |
|
|
|b 201504
|c NOV
|e n
|
| 996 |
6 |
|
|b 2610628188
|c 3-1345.232
|l MZK
|r Sklad / do 1 hodiny
|n 1
|p p.v.
|w 001498637
|u 000010
|a 1
|e BOA001
|j MZK50
|s P
|